UBT Library

Analysis and design of discrete linear control systems / (Record no. 38787)

000 -LEADER
fixed length control field 01029cam a2200325 a 4500
001 - CONTROL NUMBER
control field 1966624
003 - CONTROL NUMBER IDENTIFIER
control field US-DLC
005 - DATE AND TIME OF LATEST TRANSACTION
control field 20171206074350.0
008 - FIXED-LENGTH DATA ELEMENTS--GENERAL INFORMATION
fixed length control field 881212s1991 xr a b 001 0 eng
010 ## - LIBRARY OF CONGRESS CONTROL NUMBER
LC control number 88036999
020 ## - INTERNATIONAL STANDARD BOOK NUMBER
International Standard Book Number 8020002529 (Prague)
020 ## - INTERNATIONAL STANDARD BOOK NUMBER
International Standard Book Number 013033085X (London)
040 ## - CATALOGING SOURCE
Original cataloging agency DLC
Transcribing agency DLC
Modifying agency DLC
041 1# - LANGUAGE CODE
Language code of text/sound track or separate title eng
Language code of original and/or intermediate translations of text cze
050 00 - LIBRARY OF CONGRESS CALL NUMBER
Classification number TJ213
Item number .K79813 1991
082 00 - DEWEY DECIMAL CLASSIFICATION NUMBER
Classification number 629.8
Edition number 19
100 1# - MAIN ENTRY--PERSONAL NAME
Personal name Kučera, Vladimír,
Dates associated with a name 1943-
245 10 - TITLE STATEMENT
Title Analysis and design of discrete linear control systems /
Statement of responsibility, etc Vladimír Kučera.
260 ## - PUBLICATION, DISTRIBUTION, ETC. (IMPRINT)
Place of publication, distribution, etc Prague :
Name of publisher, distributor, etc Academia,
Date of publication, distribution, etc c1991.
300 ## - PHYSICAL DESCRIPTION
Extent viii, 472 p. :
Other physical details ill. ;
Dimensions 25 cm.
500 ## - GENERAL NOTE
General note Translated from the Czech.
500 ## - GENERAL NOTE
General note "Co-published with Prentice Hall International, London"--T.p. verso.
500 ## - GENERAL NOTE
General note Includes indexes.
650 #0 - SUBJECT ADDED ENTRY--TOPICAL TERM
Topical term or geographic name as entry element Linear control systems.
650 #0 - SUBJECT ADDED ENTRY--TOPICAL TERM
Topical term or geographic name as entry element Control theory.
650 #0 - SUBJECT ADDED ENTRY--TOPICAL TERM
Topical term or geographic name as entry element Discrete-time systems.
906 ## - LOCAL DATA ELEMENT F, LDF (RLIN)
a 7
b cbc
c orignew
d 1
e ocip
f 19
g y-gencatlg
942 ## - ADDED ENTRY ELEMENTS (KOHA)
Source of classification or shelving scheme
Koha item type Books
Holdings
Withdrawn status Lost status Source of classification or shelving scheme Damaged status Not for loan Collection code Permanent Location Current Location Shelving location Date acquired Total Checkouts Full call number Barcode Date last seen Price effective from Koha item type
          Koleksioni i përgjithshem UBT - Lipjan UBT - Lipjan Koleksioni i përgjithshem 12/06/2017   629.8 KUC 002-287761 12/06/2017 12/06/2017 Books
UBT Library © 2015-2024. All rights reserved University Education for Business and Technology